<?xml version="1.0" encoding="UTF-8"?>
<record
    xmlns:xsi="http://www.w3.org/2001/XMLSchema-instance"
    xsi:schemaLocation="http://www.loc.gov/MARC21/slim http://www.loc.gov/standards/marcxml/schema/MARC21slim.xsd"
    xmlns="http://www.loc.gov/MARC21/slim">

  <leader>02725cam a22003374a 4500</leader>
  <controlfield tag="001">14049791</controlfield>
  <controlfield tag="005">20220326193327.0</controlfield>
  <controlfield tag="008">050714s2004    be a     bq  f000 0dfre  </controlfield>
  <datafield tag="010" ind1=" " ind2=" ">
    <subfield code="a">  2005450728</subfield>
  </datafield>
  <datafield tag="020" ind1=" " ind2=" ">
    <subfield code="a">2873401842</subfield>
  </datafield>
  <datafield tag="035" ind1=" " ind2=" ">
    <subfield code="a">(CaONFCNI)ny0354187</subfield>
  </datafield>
  <datafield tag="040" ind1=" " ind2=" ">
    <subfield code="a">DLC</subfield>
    <subfield code="c">DLC</subfield>
    <subfield code="d">DLC</subfield>
  </datafield>
  <datafield tag="041" ind1="1" ind2=" ">
    <subfield code="a">eng</subfield>
    <subfield code="a">fre</subfield>
    <subfield code="a">spa</subfield>
    <subfield code="h">fre</subfield>
  </datafield>
  <datafield tag="042" ind1=" " ind2=" ">
    <subfield code="a">pcc</subfield>
  </datafield>
  <datafield tag="082" ind1="0" ind2="0">
    <subfield code="a">701</subfield>
    <subfield code="b">C855d</subfield>
  </datafield>
  <datafield tag="100" ind1=" " ind2=" ">
    <subfield code="a">Le Bon, Laurent. et Coulibeuf, Pierre,</subfield>
    <subfield code="9">2899</subfield>
  </datafield>
  <datafield tag="245" ind1="0" ind2="0">
    <subfield code="a">Pierre Coulibeuf, Le d&#xE9;mon du passage /</subfield>
    <subfield code="c">sous la direction de Laurent Le Bon.</subfield>
  </datafield>
  <datafield tag="246" ind1="3" ind2="0">
    <subfield code="a">D&#xE9;mon du passage</subfield>
  </datafield>
  <datafield tag="260" ind1=" " ind2=" ">
    <subfield code="a">[Paris] :</subfield>
    <subfield code="b">Minist&#xE8;re des affaires &#xE9;trang&#xE8;res ;</subfield>
    <subfield code="a">[Crisn&#xE9;e] :</subfield>
    <subfield code="b">Yellow Now,</subfield>
    <subfield code="c">[2004]</subfield>
  </datafield>
  <datafield tag="300" ind1=" " ind2=" ">
    <subfield code="a">150 p. :</subfield>
    <subfield code="b">ill. (some col.) ;</subfield>
    <subfield code="c">17 x 24 cm.</subfield>
  </datafield>
  <datafield tag="500" ind1=" " ind2=" ">
    <subfield code="a">Cover title.</subfield>
  </datafield>
  <datafield tag="504" ind1=" " ind2=" ">
    <subfield code="a">Includes bibliographical references (p. [102]).</subfield>
  </datafield>
  <datafield tag="504" ind1=" " ind2=" ">
    <subfield code="a">Filmography: p. 139-144.</subfield>
  </datafield>
  <datafield tag="505" ind1=" " ind2=" ">
    <subfield code="t">Summarie</subfield>
    <subfield code="t">Images et textes </subfield>
    <subfield code="t">Gaia Riposati et Francois Mussard </subfield>
    <subfield code="t">Michelangelo Pistoletto</subfield>
    <subfield code="t">William Forsythe </subfield>
    <subfield code="t">Els Deceukelier</subfield>
    <subfield code="t">Paysage</subfield>
    <subfield code="t">Anieszka Slosarska</subfield>
    <subfield code="t">Meg Stuart et Davis Freeman</subfield>
    <subfield code="t">Meg Stuart </subfield>
    <subfield code="t">Marina Abramovic </subfield>
    <subfield code="t">Michelangelo Pistoletto </subfield>
    <subfield code="t">Sbille Grimbert </subfield>
    <subfield code="t">Anieszka Slosarska</subfield>
    <subfield code="t">Marina Abramovic </subfield>
    <subfield code="t">Jacques Monroy</subfield>
    <subfield code="t">Marina Abramovic</subfield>
    <subfield code="t">Delphine Doukhan</subfield>
    <subfield code="t">Marina Abramovic</subfield>
    <subfield code="t">Anieszka Slosarska</subfield>
    <subfield code="t">Isabelle Dellamont et Pia Viewing</subfield>
    <subfield code="t">Kristina Solomoukha et Delphine Doukhan </subfield>
    <subfield code="t">Gaia Riposati et Francois Mussard </subfield>
    <subfield code="t">Gaia Riposati et Francois Mussard </subfield>
    <subfield code="t">Marc -Ernest Fourneau </subfield>
    <subfield code="t">Michelangelo Pistoletto </subfield>
    <subfield code="t">Paysage</subfield>
    <subfield code="t">Chantal Delanoe et pierre Coulibeuf</subfield>
    <subfield code="t">Erna Omarsdottir </subfield>
    <subfield code="t">Francois Mussard et Pierre Klossowski</subfield>
    <subfield code="t">Marina Abramovic </subfield>
    <subfield code="t">Michel Butor </subfield>
    <subfield code="t">Aude du  Pasquier  Grall, Kristina Solomoukha et Delphine Doukhan</subfield>
    <subfield code="t">Aude du  Pasquier  Grall et Delphine Doukhan</subfield>
    <subfield code="t">Kristina Solomoukha et Pierre Thoretton</subfield>
    <subfield code="t">Aude du  Pasquier  Grall et Delphine Doukhan</subfield>
    <subfield code="t">Francois Mussard et Pierre Klossowski</subfield>
    <subfield code="t">Sybille Grimbert </subfield>
    <subfield code="t">Francois Mussard</subfield>
    <subfield code="t">Le Demon du Passage, page de titre </subfield>
    <subfield code="t">"entre-deux" par Laurent Le Bon </subfield>
    <subfield code="t">Pierre Klossowski</subfield>
    <subfield code="t">Aude du  Pasquier  Grall, Delphine Doukhan et Kristina Solomoukha</subfield>
    <subfield code="t">Aude du  Pasquier  Grall, Kristina Solomoukha et Delphine Doukhan</subfield>
    <subfield code="t">Reperes bibliographiques </subfield>
    <subfield code="t">Traductions. Aude du Pasquier Grall in le Demon du Passage </subfield>
    <subfield code="t">Biofilmographie. Meg Stuart in Somewhere in the Between</subfield>
    <subfield code="t">La Diffusion des Films de Pierre Coulibeuf a l`etranger </subfield>
    <subfield code="t">Sommaire </subfield>
    <subfield code="t">Colophon</subfield>
    <subfield code="t">Agniezka Slosarsaka in Lost Paradise </subfield>
    <subfield code="t">Kristina Solomoukha in le Demon du Passsage</subfield>
  </datafield>
  <datafield tag="546" ind1=" " ind2=" ">
    <subfield code="a">French, English, and Spanish.</subfield>
  </datafield>
  <datafield tag="600" ind1="1" ind2="0">
    <subfield code="a">Coulibeuf, Pierre,</subfield>
    <subfield code="d">1949-</subfield>
    <subfield code="x">Criticism and interpretation.</subfield>
    <subfield code="9">2900</subfield>
  </datafield>
  <datafield tag="650" ind1=" " ind2=" ">
    <subfield code="v">art-cinema</subfield>
    <subfield code="9">2901</subfield>
  </datafield>
  <datafield tag="700" ind1="1" ind2=" ">
    <subfield code="a">Le Bon, Laurent.</subfield>
    <subfield code="9">2902</subfield>
  </datafield>
  <datafield tag="906" ind1=" " ind2=" ">
    <subfield code="a">7</subfield>
    <subfield code="b">cbc</subfield>
    <subfield code="c">origres</subfield>
    <subfield code="d">3</subfield>
    <subfield code="e">ncip</subfield>
    <subfield code="f">20</subfield>
    <subfield code="g">y-gencatlg</subfield>
  </datafield>
  <datafield tag="999" ind1=" " ind2=" ">
    <subfield code="c">648</subfield>
    <subfield code="d">648</subfield>
  </datafield>
  <datafield tag="952" ind1=" " ind2=" ">
    <subfield code="0">0</subfield>
    <subfield code="1">0</subfield>
    <subfield code="2">ddc</subfield>
    <subfield code="4">0</subfield>
    <subfield code="7">0</subfield>
    <subfield code="a">LV</subfield>
    <subfield code="b">LV</subfield>
    <subfield code="c">Monograf&#xED;as</subfield>
    <subfield code="d">2015-06-03</subfield>
    <subfield code="l">0</subfield>
    <subfield code="o">701 C855d</subfield>
    <subfield code="p">000711</subfield>
    <subfield code="r">2015-06-03 00:00:00</subfield>
    <subfield code="w">2015-06-03</subfield>
    <subfield code="y">01</subfield>
  </datafield>
</record>
